| 000 | 00566nam a2200169Ia 4500 | ||
|---|---|---|---|
| 008 | 090711s9999 xx 000 0 und d | ||
| 082 | _b44164 | ||
| 100 | _aकेळकर गो. रा. | ||
| 245 | _aव्यवहारात विज्ञान पहा | ||
| 260 | _c1981 | ||
| 300 | _a116 | ||
| 600 | _aकेळकर गो. रा. | ||
| 630 | _aव्यवहारात विज्ञान पहा | ||
| 700 | _aकेळकर गो. रा. | ||
| 730 | _aव्यवहारात विज्ञान पहा | ||
| 942 | _cBOOK | ||
| 999 |
_c296801 _d296801 |
||